000 00684nam a22002172 4500
001 19085
003 BD-RJUL
005 20211209000400.0
008 140223s19671901xx 000 0 eng u
035 _a(BD-RJUL)19143
040 _cSAC
_dUKM
_dEQO
_aBD-RjUL
_beng
041 _aeng
082 0 4 _a821.8
_218
_bTEP 1967
090 _aPR5550
_b.G9
100 1 _aTennyson, Alfred Tennyson,
_d1809-1892.
_958835
245 1 0 _aPoems of Alfred Lord Tennyson /
_cselected with an introd. by Stephen Gwynn.
260 _aLondon :
_bOxford Univ. Pr.,
_cc1901 (reprinting 1967)
300 _axv, 478 p. ;
_c15 cm.
700 1 _aGwynn, Stephen Lucius,
_d1864-1950.
_955009
942 _2ddc
_cBK
999 _c19085
_d19085